000 00321nam a22001337a 4500
008 170526b xxu||||| |||| 00| 0 eng d
020 _a9780830638017
041 _aeng
080 _a621.3
100 _a27
101 _aIM
245 _aSOUND LIGHTS AND MUSIC FOR PROJECTS FOR THE ML 3909
_cHORN, D.T
942 _2udc
_cBK
999 _c14548
_d14548